| 000 | 00900nam a2200205 4500 | ||
|---|---|---|---|
| 001 | 108925 | ||
| 003 | ES-MaACL | ||
| 005 | 20230906184735.0 | ||
| 007 | t| | ||
| 008 | 061121s1950 mx r ||||1| spa d | ||
| 245 | 0 | 0 |
_a3 conferencias a técnicos, hombres de empresa, dirigentes obreros por una mejor producción y un mayor consumo de artículos nacionales / _c[conferenciantes, Pablo H. Hope, Antonio Carrillo Flores, Josué Saenz]. |
| 246 | 2 | _aTres conferencias a técnicos, hombres de empresa, dirigentes obreros por una mejor producción y un mayor consumo de artículos nacionales | |
| 260 |
_aMéxico : _bMovimiento Económico Nacional, _c1950. |
||
| 300 |
_a43 p. ; _c18 cm. |
||
| 651 | 4 |
_aMéxico- _xSituación económica. _9150095 |
|
| 700 | 1 |
_aHope, Pablo H. _964162 |
|
| 700 | 1 |
_aCarrillo Flores, Antonio. _935774 |
|
| 700 | 1 |
_aSaenz, Josué. _9101297 |
|
| 852 |
_aES-MaACL _j2025-F-29 |
||
| 999 |
_c108925 _d108925 |
||